000 00806cab a2200241 4500
001 ABS43015
008 090401t1990 xxu||||| |||| 00| 0 eng d
035 _a(Sirsi) u39963
041 _aeng
100 _aBingham, T.
245 _aDisputes: warning errant players may prevent angry racket raising
260 _c1990
350 _a0
490 _aBuilding
_v255(7654) 6 July 1990 p38(1)
520 _aContractors and subcontractors are obliged to check that architects design s and specifications are correct. Looks at examples where architects are held to be negligent for design faults.
650 _aDUTY TO WARN
650 _aERRORS AND OMISSIONS
650 _aLIABILITY
650 _aNEGLIGENCE
690 _aBUILT ENVIRONMENT-CONSTRUCTION DESIGN
942 _n0
948 _c04/03/1997
999 _c25587
_d25587